Sports Quiz

Random Sports or Auto Racing Quiz

F1 Champions Based on 10-8-6-5-4-3-2-1 Quiz Stats

 Plays Quiz not verified by Sporcle

Challenge
Share
Tweet
Embed
Score 0/65 Timer 10:00
0 Plays Today
Year Driver % Correct
1995Michael Schumacher
98.2%
1997Michael Schumacher
98.2%
2000Michael Schumacher
98.2%
2001Michael Schumacher
98.2%
2002Michael Schumacher
98.2%
2003Michael Schumacher
98.2%
2004Michael Schumacher
98.2%
2008Lewis Hamilton
97.9%
2014Lewis Hamilton
97.8%
2012Sebastian Vettel
97.4%
2013Sebastian Vettel
97.1%
2005Fernando Alonso
96.1%
2006Fernando Alonso
96.1%
1990Ayrton Senna
95.9%
1991Ayrton Senna
95.9%
2009Jenson Button
95.3%
1985Alain Prost
94.7%
1986Alain Prost
94.7%
1989Alain Prost
94.7%
1993Alain Prost
94.7%
1988Alain Prost
94.7%
1994Damon Hill
94.4%
1996Damon Hill
94.4%
1962Graham Hill
94.2%
1964Graham Hill
94.2%
1965Graham Hill
94.2%
1968Graham Hill
94.2%
1961Phil Hill
94.2%
2007Kimi Raikkonen
93.8%
2010Sebastian Vettel
93.6%
1998Mika Hakkinen
92.8%
1951Juan Manuel Fangio
91.7%
1954Juan Manuel Fangio
91.7%
Year Driver % Correct
1955Juan Manuel Fangio
91.7%
1956Juan Manuel Fangio
91.7%
1957Juan Manuel Fangio
91.7%
1992Nigel Mansell
90.3%
1975Niki Lauda
89.7%
1976Niki Lauda
89.7%
1977Niki Lauda
89.7%
1984Niki Lauda
89.7%
2011Sebastian Vettel
85.8%
1969Jackie Stewart
85.3%
1971Jackie Stewart
85.3%
1973Jackie Stewart
85.3%
1981Nelson Piquet
83.9%
1983Nelson Piquet
83.9%
1987Nelson Piquet
83.9%
1952Alberto Ascari
81.6%
1953Alberto Ascari
81.6%
1982Keke Rosberg
80.4%
1999Eddie Irvine
77.5%
1963Jim Clark
77.3%
1972Emerson Fittipaldi
76%
1974Emerson Fittipaldi
76%
1980Alan Jones
74.5%
1959Jack Brabham
72.1%
1960Jack Brabham
72.1%
1966Jack Brabham
72.1%
1978Mario Andretti
71.9%
1970Jochen Rindt
69.1%
1979Jody Scheckter
67.2%
1958Mike Hawthorn
66.2%
1967Denny Hulme
59.7%
1950Luigi Fagioli
34.2%

You're not logged in!

Compare scores with friends on all Sporcle quizzes.
Join for Free
OR
Log In

You Might Also Like...

Show Comments

Extras

Top Quizzes Today


Score Distribution

Your Account Isn't Verified!

In order to create a playlist on Sporcle, you need to verify the email address you used during registration. Go to your Sporcle Settings to finish the process.

Report this User

Report this user for behavior that violates our Community Guidelines.

Details: